Informe de subvencions : 2001 - 2005 2001 - 2005
Descripción Física:
gràf. ; 30 cm
MARC
| LEADER | 00000nam a2200000Ia 4500 | ||
|---|---|---|---|
| 001 | 20974 | ||
| 008 | 160829s2006 xx 000 0 cat d | ||
| 080 | |a M-6-121 | ||
| 110 | 1 | |a Barcelona (Catalunya : Província). |b Diputació |9 52408 | |
| 245 | |a Informe de subvencions : |b 2001 - 2005 | ||
| 260 | |a Barcelona : |b Diputació de Barcelona. Àrea de Govern Local. Servei de Programació, |c 2006 | ||
| 300 | |a gràf. ; |c 30 cm | ||
| 650 | |a Subvencions |x Barcelona (Província) |9 42034 | ||
| 650 | |a Barcelona. Diputació |x Subvencions |9 23017 | ||
| 710 | |a Barcelona (Catalunya : Província). |b Servei de Programació |9 53631 | ||
| 901 | |a Arxiu | ||
| 942 | |n 1 | ||
| 952 | |0 0 |1 0 |4 0 |6 M6121 |7 1 |9 50626 |a Arxiu |b Arxiu |d 2016-12-01 |l 0 |o M-6-121 |p 20974 |r 2016-12-01 00:00:00 |w 2016-12-01 |y ARXIU | ||
| 999 | |c 54468 |d 54468 | ||